000 01243nam a2200349 a 4500
001 000109652
003 CHAP
005 20220329144058.0
008 140516s2014 mx sm |||||||spa d
010 _a106114
011 _a107086
040 _cCHAP
090 _aTesis
100 1 _aGómez Mena, Heriberto
_9126902
245 1 0 _aUso de lasalocida o enzimas exógenas en la engorda de ovinos criollos
_h[En línea]
_cpor Heriberto Gómez Mena y Lucila González Machorro.
260 _aChapingo, Méx. :
_bEl autor,
_c2014.
500 _aPara ver el contenido del material haga clic en la liga
502 _aTesis (Ing. Agr. Esp. en Zootecnia) -- UACH. Departamento de Zootecnia
590 _aBATCH-UPD
_b05
_c20141002
_lUCH01
_h0903
590 _aE6096MTM
_b05
_c20140516
_lUCH01
_h1132
590 _aE6096MTM
_b05
_c20140516
_lUCH01
_h1133
650 1 4 _aEnzimas.
_937195
650 1 4 _aGanado lanar
_xEngorda.
_945175
650 1 4 _aGanado lanar
_xNutrición.
_945205
650 1 4 _aGanado lanar
_xPeso.
_945211
650 1 4 _aGanado lanar
_xRazas.
_945218
700 1 _aGonzález Machorro, Lucila
_9126903
856 _aFinding aid
_uhttp://10.13.5.2/tesis/sist109652.pdf
_zTeclea aquí
901 _aBK
942 _cTESIS
942 _n0
999 _c106114
_d106114